Préfectures et sous-préfectures: Pays de la Loire - Statistiques

Statistiques générales
  • Ce quiz a été pris 79 fois
  • Le résultat moyen est 11 sur 16
Statistiques - réponses
Département Importance Ville % Correct
Loire-Atlantique Préfecture Nantes
100%
Sarthe Préfecture Le Mans
98%
Vendée Préfecture La Roche-sur-Yon
94%
Mayenne Préfecture Laval
91%
Maine-et-Loire Préfecture Angers
87%
Vendée Sous-préfecture Les Sables-d'Olonne
81%
Loire-Atlantique Sous-préfecture Saint-Nazaire
77%
Maine-et-Loire Sous-préfecture Cholet
68%
Mayenne Sous-préfecture Mayenne
68%
Maine-et-Loire Sous-préfecture Saumur
64%
Loire-Atlantique Sous-préfecture Châteaubriant
53%
Sarthe Sous-préfecture La Flèche
53%
Vendée Sous-préfecture Fontenay-le-Comte
43%
Mayenne Sous-préfecture Château-Gontier-sur-Mayenne
40%
Maine-et-Loire Sous-préfecture Segré-en-Anjou Bleu
38%
Sarthe Sous-préfecture Mamers
32%
Aucun quiz correspondant
Distribution des résultats
% des personnes avec chaque résultat
Percentile par nombre de réponses
Votre historique - résultats
Vous n’avez pas pris ce quiz